Η δουλεία στην αρχαία Ελλάδα
Αποθηκεύτηκε σε:
| Κύριος συγγραφέας: | |
|---|---|
| Άλλοι συγγραφείς: | , |
| Μορφή: | Βιβλίο |
| Γλώσσα: | Greek French |
| Δημοσίευση: |
Αθήνα :
Gutenberg,
1988.
|
| Σειρά: | Κοινωνιολογική & ανθρωπολογική βιβλιοθήκη Gutenberg ;
19 |
| Θέματα: | |
| Ετικέτες: |
Προσθήκη ετικέτας
Δεν υπάρχουν, Καταχωρήστε ετικέτα πρώτοι!
|
MARC
| LEADER | 00000cam a2200000 i 4500 | ||
|---|---|---|---|
| 001 | 1/13551 | ||
| 008 | 980316s1988 gr | ||| |||| ||gre|| | ||
| 035 | |l 10019086 | ||
| 040 | |a GR-MyUA |b gre |e AACR2 | ||
| 041 | 1 | |a gre |h fre | |
| 082 | 0 | |a 306.3620938 | |
| 100 | 1 | |a Garlan, Yvon. | |
| 245 | 1 | 2 | |a Η δουλεία στην αρχαία Ελλάδα / |c Yvon Garlan ; μετάφραση Αλέξης Χατζηδάκης ; επιμέλεια Ζαχαρίας Δεμαθάς. |
| 260 | |a Αθήνα : |b Gutenberg, |c 1988. | ||
| 300 | |a 251 σ. | ||
| 490 | 1 | |a (Κοινωνιολογική βιβλιοθήκη |v ; 19) | |
| 500 | |a Τίτλος πρωτοτύπου: Les esclaves en greee ancienne. | ||
| 650 | 0 | 0 | |a Slavery |z Greece |x History. |
| 700 | 1 | |a Χατζηδάκης, Αλέξης, |e trl | |
| 700 | 1 | |a Δεμαθάς, Ζαχαρίας, |e trl | |
| 830 | 0 | |a Κοινωνιολογική & ανθρωπολογική βιβλιοθήκη Gutenberg ; |v 19 | |
| 852 | |a INST |b LESVOS |e 19980316 |h 306.3620938 GAR |p 005100014822 |q 005100014822 |t BK |y 0 | ||
| 901 | |a BIBL-1998-2 | ||
| 909 | |a Λ |b 054293 | ||
| 922 | |a 1ΕΛΗ |b 199802 |c ΚΠΣ/ΤΚΑ |d EMVASIS | ||
| 950 | |a 117-1998-01-28 | ||